|
|
|
|
| LEADER |
05798nam a22005414a 4500 |
| 001 |
32743 |
| 003 |
BD-DhAAL |
| 005 |
20250320152025.0 |
| 008 |
180214r20152012maua b 001 0 eng d |
| 010 |
|
|
|a 2011036341
|
| 020 |
|
|
|a 9780136085928
|
| 020 |
|
|
|a 9788120350601
|
| 020 |
|
|
|a 9789332550117
|q Indian Subcontinent Adaption
|
| 040 |
|
|
|a DLC
|c DLC
|d DLC
|d BD-DhAAL
|
| 042 |
|
|
|a pcc
|
| 050 |
0 |
0 |
|a TA1634
|b .F65 2012
|
| 082 |
0 |
0 |
|a 006.37
|2 23
|
| 100 |
1 |
|
|a Forsyth, David A.,
|e author.
|9 24985
|
| 245 |
1 |
0 |
|a Computer vision :
|b a modern approach /
|c David A. Forsyth, Jean Ponce.
|
| 250 |
|
|
|a Second edition.
|
| 250 |
|
|
|a Indian edition.
|
| 260 |
|
|
|a Boston ;
|a Uttar Pradesh, India :
|b Pearson,
|c c2012 [reprinted 2015, tenth impression 2024].
|
| 300 |
|
|
|a xxix, 761 pages ;
|a 791 pages :
|b illustrations ;
|c 26 cm
|
| 500 |
|
|
|a First impression : 2015 ; Tenth impression : 2024.
|
| 504 |
|
|
|a Includes bibliographical references (pages 684 - 736) and index.
|
| 526 |
|
|
|a AAL, CSE
|x Dr. Md. Ashraful Alam,
Associate Professor
Department of Computer Science
Course Name and No. : Computer Vision : Fundamentals and Applications 7XX : Advanced Computer Vision (CSE 463)
|
| 541 |
|
|
|a STS International, Hye Trade International
|e 32743, 32744, 44238, 44239, 44240, 44241, 44242, 44243, 44244, 44245, 44246, 44247
|
| 650 |
|
0 |
|a Computer vision.
|9 24986
|
| 650 |
|
0 |
|a Computer vision
|v Problems, exercises, etc.
|9 24987
|
| 650 |
|
0 |
|a Computer science.
|9 42408
|
| 700 |
1 |
|
|a Ponce, Jean,
|e author.
|9 24988
|
| 700 |
1 |
|
|a Mukherjee, Soumen,
|e contributor.
|9 57993
|
| 700 |
1 |
|
|a Bhattacharjee, Arup Kumar,
|e contributor.
|9 57994
|
| 852 |
|
|
|a Ayesha Abed Library
|c General Stacks
|
| 942 |
|
|
|2 ddc
|c BK
|
| 999 |
|
|
|c 39112
|d 39112
|
| 952 |
|
|
|0 0
|1 0
|2 ddc
|4 0
|6 006_370000000000000_FOR
|7 0
|9 62724
|a BRACUL
|b BRACUL
|c GEN
|d 2018-02-12
|e STS International
|g 1500.00
|l 10
|m 98
|o 006.37 FOR
|p 3010032743
|r 2025-06-17
|s 2024-10-31
|t 1
|v 1500.00
|w 2018-02-12
|y BK
|
| 952 |
|
|
|0 0
|1 0
|2 ddc
|4 0
|6 006_370000000000000_FOR
|7 0
|9 62725
|a BRACUL
|b BRACUL
|c GEN
|d 2018-02-12
|e STS International
|g 1500.00
|l 5
|m 48
|o 006.37 FOR
|p 3010032744
|q 2025-10-21
|r 2025-02-06
|s 2025-02-06
|t 2
|v 1500.00
|w 2018-02-12
|y BK
|
| 952 |
|
|
|0 0
|1 0
|2 ddc
|4 0
|6 006_370000000000000_FOR
|7 0
|9 77504
|a BRACUL
|b BRACUL
|c GEN
|d 2025-03-20
|e Hye Trade International
|g 1599.00
|l 0
|o 006.37 FOR
|p 3010044241
|r 2025-03-20
|t 6
|v 1599.00
|w 2025-03-20
|y BK
|x Requisitioned by Dr. Md. Ashraful Alam for the course named- "Computer Vision : Fundamentals and Applications 7XX : Advanced Computer Vision (CSE 463)".
|
| 952 |
|
|
|0 0
|1 0
|2 ddc
|4 0
|6 006_370000000000000_FOR
|7 0
|9 77505
|a BRACUL
|b BRACUL
|c CIR
|d 2025-03-20
|e Hye Trade International
|g 1599.00
|l 0
|o 006.37 FOR
|p 3010044247
|r 2025-03-20
|t 12
|v 1599.00
|w 2025-03-20
|y 1HOUR
|x Requisitioned by Dr. Md. Ashraful Alam for the course named- "Computer Vision : Fundamentals and Applications 7XX : Advanced Computer Vision (CSE 463)".
|
| 952 |
|
|
|0 0
|1 0
|2 ddc
|4 0
|6 006_370000000000000_FOR
|7 0
|9 77506
|a BRACUL
|b BRACUL
|c GEN
|d 2025-03-20
|e Hye Trade International
|g 1599.00
|l 0
|o 006.37 FOR
|p 3010044239
|r 2025-03-20
|t 4
|v 1599.00
|w 2025-03-20
|y BK
|x Requisitioned by Dr. Md. Ashraful Alam for the course named- "Computer Vision : Fundamentals and Applications 7XX : Advanced Computer Vision (CSE 463)"
|
| 952 |
|
|
|0 0
|1 0
|2 ddc
|4 0
|6 006_370000000000000_FOR
|7 0
|9 77507
|a BRACUL
|b BRACUL
|c GEN
|d 2025-03-20
|e Hye Trade International
|g 1599.00
|l 1
|m 1
|o 006.37 FOR
|p 3010044238
|q 2025-10-21
|r 2025-04-27
|s 2025-04-27
|t 3
|v 1599.00
|w 2025-03-20
|y BK
|x Requisitioned by Dr. Md. Ashraful Alam for the course named- "Computer Vision : Fundamentals and Applications 7XX : Advanced Computer Vision (CSE 463)".
|
| 952 |
|
|
|0 0
|1 0
|2 ddc
|4 0
|6 006_370000000000000_FOR
|7 0
|9 77508
|a BRACUL
|b BRACUL
|c GEN
|d 2025-03-20
|e Hye Trade International
|g 1599.00
|l 2
|o 006.37 FOR
|p 3010044240
|r 2025-08-25
|s 2025-08-20
|t 5
|v 1599.00
|w 2025-03-20
|y BK
|x Requisitioned by Dr. Md. Ashraful Alam for the course named- "Computer Vision : Fundamentals and Applications 7XX : Advanced Computer Vision (CSE 463)".
|
| 952 |
|
|
|0 0
|1 0
|2 ddc
|4 0
|6 006_370000000000000_FOR
|7 0
|9 77509
|a BRACUL
|b BRACUL
|c GEN
|d 2025-03-20
|e Hye Trade International
|g 1599.00
|l 1
|m 10
|o 006.37 FOR
|p 3010044242
|r 2026-03-05
|s 2025-09-24
|t 7
|v 1599.00
|w 2025-03-20
|y BK
|x Requisitioned by Dr. Md. Ashraful Alam for the course named- "Computer Vision : Fundamentals and Applications 7XX : Advanced Computer Vision (CSE 463)".
|
| 952 |
|
|
|0 0
|1 0
|2 ddc
|4 0
|6 006_370000000000000_FOR
|7 0
|9 77510
|a BRACUL
|b BRACUL
|c GEN
|d 2025-03-20
|e Hye Trade International
|g 1599.00
|l 1
|m 3
|o 006.37 FOR
|p 3010044243
|q 2026-06-02
|r 2026-04-26
|s 2026-04-26
|t 8
|v 1599.00
|w 2025-03-20
|y BK
|x Requisitioned by Dr. Md. Ashraful Alam for the course named- "Computer Vision : Fundamentals and Applications 7XX : Advanced Computer Vision (CSE 463)".
|
| 952 |
|
|
|0 0
|1 0
|2 ddc
|4 0
|6 006_370000000000000_FOR
|7 0
|9 77511
|a BRACUL
|b BRACUL
|c GEN
|d 2025-03-20
|e Hye Trade International
|g 1599.00
|l 2
|m 30
|o 006.37 FOR
|p 3010044244
|q 2026-06-02
|r 2026-01-18
|s 2026-01-18
|t 9
|v 1599.00
|w 2025-03-20
|y BK
|x Requisitioned by Dr. Md. Ashraful Alam for the course named- "Computer Vision : Fundamentals and Applications 7XX : Advanced Computer Vision (CSE 463)".
|
| 952 |
|
|
|0 0
|1 0
|2 ddc
|4 0
|6 006_370000000000000_FOR
|7 0
|9 77512
|a BRACUL
|b BRACUL
|c GEN
|d 2025-03-20
|e Hye Trade International
|g 1599.00
|l 2
|m 1
|o 006.37 FOR
|p 3010044245
|r 2025-08-25
|s 2025-08-13
|t 10
|v 1599.00
|w 2025-03-20
|y BK
|x Requisitioned by Dr. Md. Ashraful Alam for the course named- "Computer Vision : Fundamentals and Applications 7XX : Advanced Computer Vision (CSE 463)".
|
| 952 |
|
|
|0 0
|1 0
|2 ddc
|4 0
|6 006_370000000000000_FOR
|7 0
|9 77513
|a BRACUL
|b BRACUL
|c CIR
|d 2025-03-20
|e Hye Trade International
|g 1599.00
|l 0
|o 006.37 FOR
|p 3010044246
|r 2025-03-20
|t 11
|v 1599.00
|w 2025-03-20
|y 1HOUR
|x Requisitioned by Dr. Md. Ashraful Alam for the course named- "Computer Vision : Fundamentals and Applications 7XX : Advanced Computer Vision (CSE 463)".
|